Missing Word: Rock Bands in Every Category Quiz Stats

 Plays Quiz Updated Sep 21, 2017

Score 0/15 Timer 02:00
4 Plays Today
Hint Missing Word % Correct
How Does Reese Eat Her Ice _____? Witherspoon!Cream
92.5%
_____ Celtics (NBA)Boston
92.3%
_____ to the Center of the EarthJourney
90.6%
_____ Ivy (Toxicodendron Radicans)Poison
90.5%
You Can't Have Your _____ and Eat It TooCake
88.5%
_____ Wednesday (First Day of Lent)Ash
88%
Assassin's _____Creed
84.1%
I _____ HuckabeesHeart
71.1%
Hint Missing Word % Correct
Bullet with Butterfly _____Wings
68.5%
Great _____ Fire of 1871Chicago
67.7%
Designated _____Survivor
42.3%
'Judas, Are You Betraying the Son of Man With a _____?'Kiss
38.6%
Holland _____ Cruise LineAmerica
28.8%
Green Arrow a.k.a. Oliver _____Queen
23.9%
Great Blue _____, BelizeHole
17.8%

Today's Daily Dose

Missing Word
Arizona A-Z

Word Ladder
Greek Letters II

Get the Picture
US National Parks

You're not logged in!

Compare scores with friends on all Sporcle quizzes.
OR
Log In

You Might Also Like...

Show Comments

Extras

Top Quizzes Today


Score Distribution

Your Account Isn't Verified!

In order to create a playlist on Sporcle, you need to verify the email address you used during registration. Go to your Sporcle Settings to finish the process.

Report this User

Report this user for behavior that violates our Community Guidelines.

Details: